000 00376nam a22001577a 4500
003 OSt
008 240507b |||||||| |||| 00| 0 eng d
020 _a9789393159502
082 _a624 BHB
100 _aBHAVIKATTI,SS
245 _aBasic Civil Engineering and Engineering Mechanics
250 _a3rd Ed
260 _aNew Delhi
_bNew Age
300 _a406
942 _2ddc
_cBK
999 _c12642
_d12642